Cơ sở thiết kế máy

Sách trình bày nội dung về lựa chọn kết cấu và lắp ghép, chỉ dẫn về phương pháp giải các bài toán chi tiết máy và hướng dẫn phương pháp tiến hành thiết kế chi tiết máy và hệ dẫn động cơ khí trên máy vi tính....

Descripción completa

Guardado en:
Detalles Bibliográficos
Autor principal: Lê, Văn Uyển
Formato: Libro
Lenguaje:Undetermined
Publicado: Hà Nội Giáo dục Việt Nam 2011
Materias:
Etiquetas: Agregar Etiqueta
Sin Etiquetas, Sea el primero en etiquetar este registro!
Thư viện lưu trữ: Trung tâm Học liệu Trường Đại học Cần Thơ
LEADER 00922nam a2200205Ia 4500
001 CTU_176805
008 210402s9999 xx 000 0 und d
020 |c 58000 
082 |a 621.82 
082 |b U527 
100 |a Lê, Văn Uyển 
245 0 |a Cơ sở thiết kế máy 
245 0 |c Lê Văn Uyển 
260 |a Hà Nội 
260 |b Giáo dục Việt Nam 
260 |c 2011 
520 |a Sách trình bày nội dung về lựa chọn kết cấu và lắp ghép, chỉ dẫn về phương pháp giải các bài toán chi tiết máy và hướng dẫn phương pháp tiến hành thiết kế chi tiết máy và hệ dẫn động cơ khí trên máy vi tính. 
650 |a Machine design,Machine parts,Thiết kế máy 
904 |i Trọng Hiếu 
980 |a Trung tâm Học liệu Trường Đại học Cần Thơ